00439 2200169 4500001002100000005001500021035001900036245005300055100001800108300003800126260004600164082000700210084001300217022001200230863001400242990001300256INLIS00000000000291120260401090735$a 0010-0426000002$a Tidak Perlu Mengeluhkan Cuaca! /$c Bhakti Karyono$a Bhakti Karyono$a 50 hlm : $b ilus ; $c 21 x 27.5 cm$a Jakarta :$b PT Kuark Internasional,$c 2026$a 050$a 050 BHA t$a 16939964$a Maret 2026$a MK07/2026